00652nam a2200217Ia 450000500170000000800410001704000190005804100120007708200200008924500750010926000400018430000140022444000280023850400400026663000360030663000330034265000180037565100120039370000190040585000100042420230109121336.0131103s9999 xx 000 0 und d aLoreto College aEnglish a813.54bMAI-BRA aNorman Mailerb A collection of critical essays cedited by Leo Braudy aNew JerseybPrentice - Hallcc 1972 av,185 p.  aTwentieth Century Views aIncludes bibliographical references aAmerican Fiction - 20th Century aCriticism and Interpretation aMailer,Norman a1923 -  aBraudy,Leo,ed. aLCLIB